|
|
|
|
| LEADER |
00000nab a2200000 a 4500 |
| 001 |
vtls000838440 |
| 003 |
SK-MaSNL |
| 005 |
20260426072546.0 |
| 008 |
180206c2003 xo 0 slo |
| 015 |
|
|
|a SNBRB2003/07-18107
|
| 035 |
|
|
|a CLN000190095
|
| 040 |
|
|
|a SNKBUCL
|b slo
|c SNKBUCL
|e AACR2
|
| 041 |
0 |
|
|a slo
|
| 044 |
|
|
|a xo
|c SK
|
| 080 |
|
|
|a 327(437.6:4):327.39(4):061.3
|2 UDC-MRF-SK2
|
| 100 |
1 |
|
|a Škoda, Ján
|4 aut
|9 396537
|
| 245 |
1 |
0 |
|a Hranica alebo križovatka?
|b Slovensko v Európe, včera a dnes - taký ...
|c Ján Škoda
|
| 300 |
|
|
|b Fotogr.
|
| 611 |
1 |
7 |
|a Slovensko v Európe, včera a dnes
|d 2003
|c Paríž, Francúzsko
|2 snkbucl
|9 1329177
|
| 650 |
0 |
7 |
|a kolokviá
|2 SNKPH
|9 74294
|
| 651 |
|
7 |
|a Slovensko
|2 SNKPHgeo
|9 14231
|
| 651 |
|
7 |
|a Európa
|2 SNKPHgeo
|9 167569
|
| 655 |
|
7 |
|a články z novín a časopisov
|2 snkbucl
|9 267496
|
| 773 |
0 |
|
|x 1336-1325
|t Formát
|g Roč. 2, č. 20 (2003), s. 26
|
| 850 |
|
|
|a Slovenská národná knižnica v Martine
|
| 852 |
|
|
|a SNK
|b KIS3GCP
|
| 958 |
|
|
|a RBX
|
| 999 |
|
|
|c 2689925
|d 2691855
|